Normal view MARC view
  • Coreògrafes de dansa clàssica

Entry Terme temàtic

Number of records used in: 1

001 - NÚMERO DE CONTROL

  • campo de control: 162955

003 - IDENTIFICADOR DEL NÚMERO DE CONTROL

  • campo de control: ES-BaIT

005 - FECHA Y HORA DE LA ÚLTIMA TRANSACCIÓN

  • campo de control: 20240202092910.0

008 - DATOS DE LONGITUD FIJA

  • campo de control de longitud fija: 240202|| aca||babn | a|a d

040 ## - FUENTE DE LA CATALOGACIÓN

  • Centro catalogador/agencia de origen: ES-BaIT

150 ## - ENCABEZAMIENTO--TÉRMINO DE MATERIA

  • Término de materia o nombre geográfico como elemento de entrada: Coreògrafes de dansa clàssica
  • Subdivisión geográfica: Cuba
  • Subdivisión cronológica: S. XX
  • Subdivisión general:
  • Subdivisión de forma: Biografia

Powered by Koha